000 01025nam2a22002411 4500
001 RU\NLR\INFOCOMM31\1000077630
005 20250617111657.0
035 _a(NLR Aleph) 002568672
090 _a3169393
_c3169393
100 _a20040608d1986 |||y0rusy50 ca
101 0 _arus
102 _aRU
105 _ay |||||||||
200 1 _aСовременные методы и приборы для исследования высокотурбулентных течений
210 _d1986
_aБ. м.
461 0 _1001RU\NLR\INFOCOMM31\1000077599
_12001#$aОбразцовые и высокоточные средства измерений$eОбзор. информ.$fВНИИКИ$v1986, Вып.1
_93169126
_cМ.
_d1979-
_fВНИИКИ
_oОбзор. информ.
_tОбразцовые и высокоточные средства измерений
_v1986, Вып.1
801 1 _aRU
_bInfoComm
_c20040608
801 0 _aRU
_bNLR
_gPSBO
852 _aNLR
_jП10/5620
942 _cISSUE
980 _aNB
980 _aRUSPER